000 01018 a2200253 4500
005 20260330124957.0
008 260330b |||||||| |||| 00| 0 eng d
020 _a9789326352444 (hbk)
037 _cTB
040 _aCRL
_cCRL
041 _2hin
_ahin
084 _aO152,3N77x Q8
_qCRL
100 _aपांडेय, मनोज कुमार
_9860587
245 _aपानी
250 _aसंस्करण 3
260 _aदिल्ली, भारत:
_bभारतीय ज्ञानपीठ,
_c2018.
300 _a134पृ.
365 _b200.00
_cINR
490 _aलोकोदय ग्रंथमाला: ग्रंथांक 1212
650 _aहिन्दी कहानी
650 _aहिन्दी साहित्य
942 _cTB
_2CC
_eसंस्करण 3
_hO152,3N77x Q8
999 _c1466665
_d1466665